El cazador y el puma : (Registro nro. 10179)

Detalles MARC
000 -LIDER
fixed length control field 00941cam a22003017a 4500
001 - NÚMERO DE CONTROL
Identificador de número de control 681296
003 - IDENTIFICACDOR DE NÚMERO DE CONTROL
control field DO-SdBPM
005 - DATE AND TIME OF LATEST TRANSACTION
control field 20250225110821.0
007 - CAMPOS FIJOS DE DESCRIPCIÓN FÍSICA
fixed length control field 681296
008 - ELEMENTOS DE LONGITUD FIJA
fixed length control field 110307s2010 pe a 000 0 spa
010 ## - NUMERO DE CONTROL DE BIBLIOTECA DEL CONGRESO
LC control number
020 ## - ISBN
International Standard Book Number 9786120004227
040 ## - FUENTE DE CATALOGACIÓN
Agencia que crea de manera original el registro DO-SdBPM
Agencia que realiza la transcripción spa
Idioma de catalogación BPMSU
050 00 - NÚMERO DE CLASIFICACIÓN BIBLIOTECA DEL CONGRESO
Classification number
082 #4 - NÚMERO DE CLASIFICACIÓN DECIMAL DE DEWEY
Classification number P863.44
Item number G186c 2010
Edition number 22
100 1# - ASIENTO PRINCIPAL -- NOMBRE PERSONAL
Nombre personal Gamarra Cortijo, Manuel J.
Fechas asociadas con el nombre 1918-2010.
245 13 - MENCIÓN DE TITULO
Título El cazador y el puma :
Subtítulo basado en una historia real /
Mención de responsabilidad Manuel J. Gamarra Cortijo ; ilustraciones María Elena Gariapaza
250 ## - MENCIÓN DE EDICION
Mención de edición
260 ## - PUBLICACIÓN, DISTRIBUCIÓN, ETC. (PIE DE IMPRENTA)
Lugar de publicación, distribución, etc Lima, Perú :
Nombre del editor, distribuidor, etc. Jr. Sentenario
Fecha de publicación, distribución, etc 2010.
300 ## - DESCRIPCIÓN FÍSICA
Extensión 21 p. :
Otros detalles físicos il. ;
Dimensiones 27 cm.
490 0# - MENCIÓN DE SERIES
Mención de serie Relatos andinos
590 ## - NOTA LOCAL
Texto de la nota local Inventariado, 2024/VM
650 ## - ENCABEZAMIENTO DE MATERIA--TEMÁTICO
Término temático o nombre geográfico como elemento de entrada Cuentos peruanos
Subdivisión temática general Siglo XX.
650 ## - ENCABEZAMIENTO DE MATERIA--TEMÁTICO
Término temático o nombre geográfico como elemento de entrada Relatos personales
Subdivisión de forma Cuentos
700 1# - ASIENTO SECUNDARIO -- NOMBRE PERSONAL
Nombre personal Gariapaza, María Elena
Fechas asociadas con el nombre 1982-
Mención de responsabilidad ilustración
910 ## - VALIDACIÓN
Validación VMateo V. Control de calidad. BPMSU
942 ## - ADDED ENTRY ELEMENTS (KOHA)
Source of classification or shelving scheme Dewey Decimal Classification
Koha item type Libros
Existencias
Withdrawn status Lost status Source of classification or shelving scheme Damaged status Not for loan Collection code Home library Current library Date acquired Source of acquisition Total Checkouts Full call number Barcode Date last seen Price effective from Koha item type Copy number
    Dewey Decimal Classification     Colección Juvenil General Biblioteca Pública Metropolitana Salomé Ureña Biblioteca Pública Metropolitana Salomé Ureña 05/19/2016 Biblioteca Nacional de Puerto Rico   BPMSU CJG P863.44 G186c 2010 BPMSU16050402 05/19/2016 05/19/2016 Libros  
    Dewey Decimal Classification     Colección Juvenil General Biblioteca Pública Metropolitana Salomé Ureña Biblioteca Pública Metropolitana Salomé Ureña 05/19/2016 Biblioteca Nacional de Puerto Rico   BPMSU CJG P863.44 G186c 2010 BPMSU16050403 05/19/2016 05/19/2016 Libros e.2
    Dewey Decimal Classification     Colección Infantil General Biblioteca Pública Metropolitana Salomé Ureña Biblioteca Pública Metropolitana Salomé Ureña 05/19/2016 Biblioteca Nacional de Puerto Rico   BPMSU CJG P863.44 G186c 2010 BPMSU16050404 05/19/2016 05/19/2016 Libros e.3